[Event "Khanty-Mansiysk FIDE GP"]
[Site "Khanty-Mansiysk"]
[Date "2015.05.19"]
[Round "5"]
[White "Grischuk, Alexander"]
[Black "Gelfand, Boris"]
[Result "1/2-1/2"]
[WhiteElo "2780"]
[BlackElo "2744"]
[PlyCount "56"]
[EventDate "2015.05.14"]
[EventType "tourn"]
[EventRounds "11"]
[EventCountry "RUS"]
[EventCategory "21"]
[SourceTitle "CBM 167"]
[Source "ChessBase"]
[SourceDate "2015.07.13"]
[SourceVersion "1"]
[SourceVersionDate "2015.07.13"]
[SourceQuality "1"]
[TimeControl "40/7200:20/3600:900+30"]

1. e4 {[%emt 0:00:19]} c5 {[%emt 0:00:07]} 2. Nf3 {[%emt 0:00:07]} d6 {[%emt 0:
00:02]} 3. d4 {[%emt 0:02:23]} cxd4 {[%emt 0:00:16]} 4. Qxd4 {[%emt 0:00:05]}
Nc6 {[%emt 0:03:51]} 5. Bb5 {[%emt 0:00:29]} Bd7 {[%emt 0:00:03]} 6. Qd3 {
[%emt 0:00:13]} Nf6 {[%emt 0:00:29]} 7. Bg5 {[%emt 0:01:08]} (7. c4 Ne5 8. Nxe5
dxe5 9. Qe2 e6 10. O-O Bxb5 11. cxb5 Bc5 12. Rd1 Qb6 13. a4 O-O 14. Bd2 Rfd8
15. Nc3 Bd4 16. Be1 Rac8 17. h3 h6 18. Rac1 Qd6 19. Na2 Qf8 20. Ba5 Rxc1 21.
Rxc1 Rc8 22. Bc3 Qd6 23. g3 Bxc3 24. Nxc3 Qb4 25. Rd1 Rc4 26. Rd8+ Kh7 27. Rb8
Rc7 28. Rd8 Rc4 29. Rb8 Rc7 30. Rd8 Rd7 31. Rxd7 Nxd7 32. Qf3 Kg8 33. Qd1 Qd4
34. Qe2 Nc5 35. a5 Nb3 36. a6 b6 {Nepomniachtchi,I (2714)-Gelfand,B (2759)
Sochi 2014 1/2-1/2}) 7... Ng4 {[%emt 0:11:18]} 8. h3 {[%emt 0:16:20]} Nge5 {
[%emt 0:01:45]} 9. Nxe5 {[%emt 0:00:34]} Nxe5 {[%emt 0:02:20]} 10. Bxd7+ {
[%emt 0:02:36] The 4.Qxd4 anti-Sicilian chosen by Grischuk led to massive
simplifications and a quick draw} Qxd7 {[%emt 0:00:24]} 11. Qb3 {[%emt 0:00:05]
} e6 {[%emt 0:15:14]} 12. Na3 {[%emt 0:37:18]} Be7 {[%emt 0:04:00]} 13. Bxe7 {
[%emt 0:01:21]} Qxe7 {[%emt 0:00:08]} 14. Qb5+ {[%emt 0:00:42]} Nc6 {[%emt 0:
02:40]} 15. O-O-O {[%emt 0:04:09]} O-O {[%emt 0:03:04]} 16. Rd2 {[%emt 0:05:46]
} Rad8 {[%emt 0:15:10]} 17. Rhd1 {[%emt 0:26:45]} a6 {[%emt 0:08:06]} 18. Qb6 {
[%emt 0:00:42]} d5 {[%emt 0:00:30]} 19. exd5 {[%emt 0:00:14]} Rxd5 {[%emt 0:05:
07]} 20. Rxd5 {[%emt 0:02:49]} exd5 {[%emt 0:00:08]} 21. Rxd5 {[%emt 0:00:07]}
Nb4 {[%emt 0:00:45]} 22. Rd1 {[%emt 0:00:03]} Nxa2+ {[%emt 0:00:33]} 23. Kb1 {
[%emt 0:00:05]} Nb4 {[%emt 0:00:48]} 24. Qd6 {[%emt 0:00:26]} Qe2 {[%emt 0:03:
30]} 25. Rd2 {[%emt 0:00:30]} Qe1+ {[%emt 0:01:10]} 26. Rd1 {[%emt 0:00:01]}
Qe2 {[%emt 0:02:37]} 27. Rd2 {[%emt 0:01:06]} Qe1+ {[%emt 0:00:10]} 28. Rd1 {
[%emt 0:00:01]} Qe2 {[%emt 0:00:12]} 1/2-1/2

[Event "Khanty-Mansiysk FIDE GP"]
[Site "Khanty-Mansiysk"]
[Date "2015.05.21"]
[Round "7"]
[White "Jakovenko, Dmitrij"]
[Black "Grischuk, Alexander"]
[Result "1/2-1/2"]
[WhiteElo "2738"]
[BlackElo "2780"]
[PlyCount "42"]
[EventDate "2015.05.14"]
[EventType "tourn"]
[EventRounds "11"]
[EventCountry "RUS"]
[EventCategory "21"]
[SourceTitle "CBM 167"]
[Source "ChessBase"]
[SourceDate "2015.07.13"]
[SourceVersion "1"]
[SourceVersionDate "2015.07.13"]
[SourceQuality "1"]
[TimeControl "40/7200:20/3600:900+30"]

1. d4 {[%emt 0:00:07]} Nf6 {[%emt 0:00:32]} 2. c4 {[%emt 0:00:09]} g6 {[%emt 0:
00:03]} 3. g3 {[%emt 0:00:06]} c6 {[%emt 0:01:56]} 4. Nf3 {[%emt 0:01:50]} Bg7
{[%emt 0:01:34]} 5. Bg2 {[%emt 0:00:42]} d5 {[%emt 0:00:14]} 6. O-O {[%emt 0:
00:12]} O-O {[%emt 0:00:23]} 7. Qb3 {[%emt 0:00:42]} Qb6 {[%emt 0:01:22]} 8.
Nc3 {[%emt 0:01:19]} Rd8 {[%emt 0:01:11]} 9. Rd1 {[%emt 0:03:39]} (9. Na4 Qa6
10. cxd5 Qxe2 11. dxc6 Nxc6 12. Re1 Qa6 13. Bd2 Nxd4 14. Nxd4 Rxd4 15. Nc5 Qb6
16. Bc3 Rd8 17. Rxe7 Qxb3 18. axb3 Nd5 19. Rd1 Bxc3 20. bxc3 Be6 21. Rxe6 fxe6
22. Nxe6 Rd6 23. Bxd5 Kh8 24. c4 Re8 25. Nd4 Rd7 26. Kg2 Kg7 27. Ra1 a6 28.
Ne6+ Kf6 29. Nc5 {1-0 (29) Ding,L (2755)-Adhiban,B (2646) Hyderabad 2015}) 9...
Bf5 {[%emt 0:01:30]} 10. Ne1 {[%emt 0:03:27]} dxc4 {[%emt 0:06:06]} 11. Qxc4 {
[%emt 0:00:52]} Na6 {[%emt 0:00:25]} 12. e4 {[%emt 0:00:43]} Be6 {[%emt 0:03:
32]} 13. d5 $146 {[%emt 0:11:38]} (13. Qa4 Bg4 14. Bf3 Rd7 15. Bxg4 Nxg4 16. h3
Nxf2 17. Kxf2 Rxd4 18. Rxd4 e5 19. Qb3 exd4 20. Qxb6 axb6 21. Na4 b5 22. Nb6
Re8 23. Nd3 Rxe4 24. a4 bxa4 25. Rxa4 f5 26. b3 Kf7 27. Nc4 Bf8 28. Nce5+ Ke6
29. Nxc6 Nc5 30. Nxc5+ Bxc5 31. Rc4 b6 32. Kf3 Re1 33. Bd2 Rb1 34. Nxd4+ Kd5
35. Be3 Rf1+ 36. Ke2 Rb1 37. Rc3 Ke4 38. Nf3 Bxe3 39. Rxe3+ Kd5 40. Re5+ Kd6
41. Rb5 Kc6 42. Nd4+ Kd6 {Gajewski,G (2569)-Jankovic,A (2564) Cappelle la
Grande 2011 1-0}) 13... cxd5 {[%emt 0:01:22]} 14. exd5 {[%emt 0:00:09]} Bg4 {
[%emt 0:05:18]} 15. Be3 {[%emt 0:00:12]} Qxb2 {[%emt 0:01:32]} 16. Nd3 {
[%emt 0:01:47]} Qa3 {[%emt 0:00:33]} 17. Nb5 {[%emt 0:00:04] The players
started a repetition on move 17 and the draw was sealed} Qa5 {[%emt 0:00:08]}
18. Bd2 {[%emt 0:00:06]} Qb6 {[%emt 0:00:13]} 19. Be3 {[%emt 0:00:05]} Qa5 {
[%emt 0:00:17]} 20. Bd2 {[%emt 0:00:04]} Qb6 {[%emt 0:00:06]} 21. Be3 {[%emt 0:
00:02]} Qa5 {[%emt 0:00:05]} 1/2-1/2

[Event "Khanty-Mansiysk FIDE GP"]
[Site "Khanty-Mansiysk"]
[Date "2015.05.24"]
[Round "9"]
[White "Nakamura, Hikaru"]
[Black "Grischuk, Alexander"]
[Result "1/2-1/2"]
[WhiteElo "2799"]
[BlackElo "2780"]
[PlyCount "61"]
[EventDate "2015.05.14"]
[EventType "tourn"]
[EventRounds "11"]
[EventCountry "RUS"]
[EventCategory "21"]
[SourceTitle "CBM 167"]
[Source "ChessBase"]
[SourceDate "2015.07.13"]
[SourceVersion "1"]
[SourceVersionDate "2015.07.13"]
[SourceQuality "1"]
[TimeControl "40/7200:20/3600:900+30"]

1. d4 {[%emt 0:00:05]} Nf6 {[%emt 0:00:12]} 2. c4 {[%emt 0:00:06]} g6 {[%emt 0:
00:36]} 3. Nc3 {[%emt 0:00:07]} d5 {[%emt 0:00:19]} 4. cxd5 {[%emt 0:00:07]}
Nxd5 {[%emt 0:00:04]} 5. e4 {[%emt 0:00:07]} Nxc3 {[%emt 0:00:04]} 6. bxc3 {
[%emt 0:00:05]} Bg7 {[%emt 0:00:05]} 7. Qa4+ {[%emt 0:00:06]} Qd7 {[%emt 0:02:
35]} 8. Qa3 {[%emt 0:00:16]} O-O {[%emt 0:07:30]} 9. Nf3 {[%emt 0:00:41]} b6 {
[%emt 0:06:11]} 10. Bd3 {[%emt 0:01:20]} c5 {[%emt 0:04:00]} 11. O-O {[%emt 0:
01:10]} Nc6 {[%emt 0:21:54]} 12. Bb5 $146 {[%emt 0:00:52]} (12. d5 Na5 13. Bg5
e6 14. Rad1 e5 15. Rfe1 Nb7 16. Nd2 f6 17. Be3 Qc7 18. Qb3 Kh8 19. Rf1 Bd7 20.
Kh1 Nd6 21. Qc2 c4 22. Be2 b5 23. f4 exf4 24. Bxf4 Qc5 25. Bg3 Rae8 26. Bf2 Qc7
27. Bd4 f5 28. Bxg7+ Kxg7 29. Bf3 fxe4 30. Nxe4 {1/2-1/2 (30) Gonzalez Velez,F
(2400)-Vidarte Morales,A (2370) Montcada 1997}) 12... cxd4 {[%emt 0:18:28]} 13.
cxd4 {[%emt 0:03:00]} a6 {[%emt 0:02:38]} 14. Be3 {[%emt 0:20:51]} Bb7 {
[%emt 0:05:36]} 15. Be2 {[%emt 0:00:12]} e6 {[%emt 0:12:31]} 16. Qb3 {[%emt 0:
13:36]} b5 {[%emt 0:06:32]} 17. a4 {[%emt 0:00:46]} Na7 {[%emt 0:07:50]} 18.
Ne5 {[%emt 0:02:07]} Qd6 {[%emt 0:02:17]} 19. Bf3 {[%emt 0:04:17]} Nc6 {
[%emt 0:06:55]} 20. Nxc6 {[%emt 0:01:23]} Bxc6 {[%emt 0:00:47]} 21. Rac1 {
[%emt 0:05:04]} Rac8 {[%emt 0:00:56]} 22. d5 {[%emt 0:02:14]} Bd7 {[%emt 0:00:
41]} 23. axb5 {[%emt 0:00:09]} axb5 {[%emt 0:00:54]} 24. g3 {[%emt 0:02:43]}
exd5 {[%emt 0:00:37]} 25. exd5 {[%emt 0:00:20]} h5 {[%emt 0:01:18]} 26. Bd2 {
[%emt 0:03:01]} Rxc1 {[%emt 0:00:10]} 27. Rxc1 {[%emt 0:00:06]} Ra8 {[%emt 0:
01:09]} 28. Bb4 {[%emt 0:03:58]} Qe5 {[%emt 0:00:01]} 29. h4 {[%emt 0:01:45]}
Ra1 {[%emt 0:00:17]} 30. Rxa1 {[%emt 0:00:04]} Qxa1+ {[%emt 0:00:04]} 31. Kg2 {
[%emt 0:00:07]} 1/2-1/2

[Event "Khanty-Mansiysk FIDE GP"]
[Site "Khanty-Mansiysk"]
[Date "2015.05.26"]
[Round "11"]
[White "Dominguez Perez, Leinier"]
[Black "Grischuk, Alexander"]
[Result "1/2-1/2"]
[WhiteElo "2734"]
[BlackElo "2780"]
[Annotator "Marin,M"]
[PlyCount "68"]
[EventDate "2015.05.14"]
[EventType "tourn"]
[EventRounds "11"]
[EventCountry "RUS"]
[EventCategory "21"]
[SourceTitle "CBM 167"]
[Source "ChessBase"]
[SourceDate "2015.07.13"]
[SourceVersion "1"]
[SourceVersionDate "2015.07.13"]
[SourceQuality "1"]

1. e4 {[%emt 0:00:02]} c5 {[%emt 0:00:07]} 2. Nf3 {[%emt 0:00:05]} Nc6 {
[%emt 0:00:19]} 3. d4 {[%emt 0:00:33]} cxd4 {[%emt 0:00:07]} 4. Nxd4 {[%emt 0:
00:05]} Nf6 {[%emt 0:00:03]} 5. Nc3 {[%emt 0:00:06]} e5 {[%emt 0:00:03]} 6.
Ndb5 {[%emt 0:00:07]} d6 {[%emt 0:00:04]} 7. Bg5 {[%emt 0:00:06]} a6 {[%emt 0:
00:06]} 8. Na3 {[%emt 0:00:05]} b5 {[%emt 0:00:03]} 9. Nd5 {[%emt 0:00:06]} Be7
{[%emt 0:00:04]} 10. Bxf6 {[%emt 0:01:47]} Bxf6 {[%emt 0:01:57]} 11. c3 {
[%emt 0:00:02]} Bg5 {[%emt 0:00:54]} 12. Nc2 {[%emt 0:00:07]} Rb8 {[%emt 0:00:
55]} 13. a4 {[%emt 0:04:42]} bxa4 {[%emt 0:01:24]} 14. Ncb4 {[%emt 0:00:06]}
Nxb4 {[%emt 0:00:50]} 15. Nxb4 {[%emt 0:00:06]} Bd7 {[%emt 0:42:18]} 16. Bxa6 {
[%emt 0:00:38]} Qa5 {[%emt 0:13:05]} 17. Qxd6 {[%emt 0:00:13]} Rb6 {[%emt 0:00:
13]} 18. Qd3 {[%emt 0:00:08]} Be7 {[%emt 0:08:49]} 19. Nd5 {[%emt 0:00:09]}
Rxb2 {[%emt 0:00:05]} 20. O-O {[%emt 0:00:07]} Qc5 {[%emt 0:20:26]} 21. c4 {
[%emt 0:08:48]} Rb3 {[%emt 0:11:20]} 22. Qe2 {[%emt 0:02:37]} Bd6 {[%emt 0:03:
01]} 23. Bb5 {[%emt 0:04:37]} Bxb5 {[%emt 0:00:19]} 24. cxb5 {[%emt 0:00:03]}
Qxb5 {[%emt 0:04:09]} 25. Qg4 $146 {[%emt 0:18:39] Just a novelty for the
spectators, leading to some sort of a tactical draw.} (25. Qxb5+ {Zawadzka,J 
(2414)-Cmilyte,V (2477) EU-Cup (Women) 14th 2009 (4.2) 1/2 leads to an equal
ending and a draw was immediately agreed in}) 25... O-O {[%emt 0:00:16]} 26.
Nf6+ {[%emt 0:00:07]} Kh8 {[%emt 0:00:02]} 27. Qf5 {[%emt 0:00:09]} g6 {
[%emt 0:00:08]} ({At first, it is Black who avoids a draw by perpetual with} 
27... gxf6 $11) 28. Qg5 {[%emt 0:00:07][%cal Gg5h6]} Kg7 {[%emt 0:00:04]} 29.
Nh5+ {[%emt 0:02:45]} Kg8 {[%emt 0:00:04]} 30. Nf6+ {[%emt 0:01:13]} Kg7 {
[%emt 0:00:16]} 31. Nh5+ {[%emt 0:00:07]} Kg8 {[%emt 0:00:02]} 32. Qh6 {
[%emt 0:02:03] But now it is White's turn to refrain from the third time
repetition, forcing the perpetual anyway. The opponents must have been smiling
a lot in this phase.} gxh5 {[%emt 0:00:14]} 33. Qg5+ {[%emt 0:00:05]} Kh8 {
[%emt 0:00:04]} 34. Qf6+ {[%emt 0:00:05]} Kg8 {[%emt 0:00:02]} 1/2-1/2

[Event "Norway Chess 3rd"]
[Site "Stavanger"]
[Date "2015.06.16"]
[Round "1"]
[White "Giri, Anish"]
[Black "Grischuk, Alexander"]
[Result "1-0"]
[WhiteElo "2773"]
[BlackElo "2781"]
[Annotator "Pavlovic,M"]
[PlyCount "83"]
[EventDate "2015.06.16"]
[EventType "tourn"]
[EventRounds "9"]
[EventCountry "NOR"]
[EventCategory "22"]
[SourceTitle "CBM 167"]
[Source "ChessBase"]
[SourceDate "2015.07.13"]
[SourceVersion "1"]
[SourceVersionDate "2015.07.13"]
[SourceQuality "1"]

1. Nf3 c5 2. e4 Nc6 3. Bb5 g6 4. Bxc6 bxc6 5. O-O Bg7 6. Re1 Rb8 {Not a new
idea, but certainly in recent days players of the black pieces have been
trying to develop some new ideas in old or forgotten systems.} 7. h3 $5 {
It seems that Giri came well prepared for this game, if I am not mistaken
while watching live I had the impression that he played this move almost
instantly. Previously in another Grischuk game against Caruana White opted for
something else:} (7. c3 Nf6 8. d4 cxd4 9. cxd4 O-O 10. Nc3 d6 11. h3 Nd7 12. b3
c5 13. Be3 Bb7 14. Rc1 Rc8 15. Qd2 Re8 16. dxc5 Nxc5 17. Bd4 Bf8 $5 18. Qe3 a5
19. Nd5 Ba8 (19... f5 $5 20. Bxc5 Rxc5 21. Rxc5 dxc5 22. Rd1 e6 23. Nc3 Qc8 $13
) 20. Red1 Nd7 $2 (20... Bxd5 21. exd5 e5 22. dxe6 Nxe6 23. Bb2 Rxc1 24. Rxc1
d5 $14) 21. Rxc8 Qxc8 22. Rc1 Qb8 23. Ba7 Qd8 24. Nc7 $18 {1-0 (52) Caruana,F 
(2805)-Grischuk,A (2781) Stavanger (blitz) 2015}) 7... Qc7 {The idea is to
wait till White goes for c3, but that doesn't solve the problem as we will see.
..} 8. c3 Nf6 9. e5 Nd5 10. c4 $1 Nb4 11. d4 cxd4 12. a3 Na6 13. Qxd4 {The
knight on a6 now is deprived of the natural c7-square. Black is already facing
difficulties in this position.} O-O (13... c5 14. Qh4 Bb7 15. Nbd2 Qb6 16. Ne4
Bxe4 17. Rxe4 Nc7 18. b4 Ne6 19. Bd2 h5 20. Rd1 $14) 14. c5 $1 d6 $6 {It is
rather difficult to find any good plan for Black here. White controls lots of
space and as soon as the knight from b1 comes to e4 Black will not be able to
find anything to challenge that.} (14... Qd8 15. Nc3 Nc7 16. Qh4 Ne6 17. Ne4 f6
18. b4 Ba6 (18... fxe5 19. Nfg5 Nxg5 20. Bxg5 Bf6 21. Rad1 $18) 19. exf6 exf6
20. Bb2 Bd3 21. Nd6 $16) 15. cxd6 exd6 16. exd6 Qb6 17. Qh4 Nc5 18. Be3 {
Not the only move, although a logical one.} (18. Nc3 Nd3 19. Re7 h5 (19... Nxc1
20. Rxc1 Qxb2 21. Rb1 $18) 20. Bg5 $16) 18... Qxb2 19. Nbd2 Nd7 20. Rab1 Qxa3
21. Rxb8 Nxb8 22. Bh6 {White is heading for an attack.} Nd7 23. Bxg7 Kxg7 24.
Qd4+ Kg8 25. Ne4 {Black is facing serious problems.} Re8 (25... a5 26. Nf6+
Nxf6 27. Qxf6 Qb4 28. Re7 Qb1+ 29. Kh2 Qf5 30. Qxf5 Bxf5 31. d7 a4 32. Ne5 Bxd7
33. Rxd7 $18) 26. Kh2 {A logical move from a human perspective, but actually
with Black's best defence this move loses a huge portion of the white
advantage.} (26. Nfg5 $1 Qa5 (26... h6 27. Nh7 $1 Kxh7 28. Ng5+ hxg5 29. Rxe8
$18) 27. Re3 Qd5 28. Qxa7 $16) 26... a5 $2 {The final mistake; a better idea
was} (26... Qa5 27. Re3 h6 $5 28. Ng3 Rxe3 29. Qxe3 Kg7 30. Qd4+ Kh7 {and it
is not clear how White can profit from this position, Black it seems can
defend here.}) 27. Nfg5 $1 Rf8 28. Nf6+ Nxf6 29. Qxf6 Qa2 30. Re7 {Missing a
win at once...} (30. Nxh7 $1 Kxh7 31. Re4 {with mate to follow.}) 30... Bf5 31.
Nxf7 Qxf7 32. Rxf7 Rxf7 33. Qd8+ Kg7 34. Qxa5 $18 Bd7 35. Qc5 Rf5 36. Qa7 Rf7
37. g4 Kf6 38. f4 Kg7 39. Kg3 Kg8 40. Qe3 Kg7 41. h4 Kg8 42. Qe5 1-0

[Event "Norway Chess 3rd"]
[Site "Stavanger"]
[Date "2015.06.19"]
[Round "4"]
[White "Grischuk, Alexander"]
[Black "Hammer, Jon Ludvig"]
[Result "1-0"]
[WhiteElo "2781"]
[BlackElo "2677"]
[Annotator "Mokal,P"]
[PlyCount "97"]
[EventDate "2015.06.16"]
[EventType "tourn"]
[EventRounds "9"]
[EventCountry "NOR"]
[EventCategory "22"]
[SourceTitle "CBM 167"]
[Source "ChessBase"]
[SourceDate "2015.07.13"]
[SourceVersion "1"]
[SourceVersionDate "2015.07.13"]
[SourceQuality "1"]

1. c4 {The popularity of the English opening has grown by leaps and bounds in
the recent past. There is a lot that is yet to be found here.} e5 2. g3 Nf6 3.
Bg2 d5 4. cxd5 Nxd5 5. Nc3 Nb6 6. d3 Be7 7. Nh3 $5 {Grischuk brings out a rare
and curious move. The idea is to keep the option of playing f4 soon. A hidden
idea though, is to act stupid and provoke some non-existent refutation.} g5 {
Grischuk mentioned that this move is fine, but he was prepared for it.} ({
There was nothing wrong with normal chess following the fundamentals with} 7...
O-O 8. O-O Nc6 9. f4 exf4 (9... Be6 10. f5 $14) 10. gxf4 $6 (10. Nxf4 Nd4 $13)
10... Nd4 (10... a5 $5) 11. e4 (11. e3 Nf5 12. e4 $2 Nh4 $15) 11... f5 $132 {
1-0 Van Wely,L (2585)-Brunner,L (2475)/Biel 1993/CBM 037/[Ftacnik] (30)}) 8.
Ng1 $146 {[%csl Rg5] Quickly played! The N returns, having achieved one of its
objectives. Black has to be careful about his K now. Unfortunately for Black,
the rule book does not permit the move g5-g7.} h5 $6 {Hammer falls for it and
in trying to punish his opponent's 'weak' idea, creates weaknesses of his own.}
9. h3 (9. h4 g4 $132) 9... Nc6 (9... h4 10. g4 $14 {gives White a good bind.})
10. Bxc6+ $1 {Having provoked pawn advances on the >> White shatters Black's
pawn structure on the << even at the cost of giving away a B for N. Nice and
deep decision!} bxc6 11. Nf3 {[%csl Ra7,Rc6,Rc7,Re8,Rg5,Rh5]} f6 12. Be3 (12.
Qc2 $5) 12... Bxh3 $6 {Understanding the static weaknesses in his position,
Black decides to do something dynamic. But this makes things even worse.} (
12... Nd5 $142 13. Qc2 $14 {[%csl Rc6]}) 13. Rxh3 g4 14. Rh1 gxf3 15. exf3 $14
{[%csl Rc6,Rc7,Rd3,Rh5] Black's weaknesses currently outnumber his opponent's,
maintaining the evaluation clearly in White's favour.} Bb4 16. Qb3 Nd5 17. Bd2
(17. O-O-O $5 Bxc3 (17... Nxc3 18. bxc3 Bd6 19. d4 $16) 18. bxc3 Qd6 19. d4 $36
) 17... Bxc3 18. Bxc3 Nxc3 $6 {The N was needed to hold up Black's position.
The usual favourable piece exchange is not so favourable for Black in this
position.} ({A better move is} 18... Qd7 {although Black's future is bleak,
for example} 19. Rh4 {looks pretty strong and commanding.}) 19. Qxc3 {The
simplifications have made Black's weaknesses more evident.} Qd5 20. Rc1 h4 $6 (
{It was better to play} 20... Qxf3 21. Qxc6+ Qxc6 22. Rxc6 O-O-O 23. Ke2 $16 {
White would still be better but Black would have more fighting chances than in
the game.}) 21. gxh4 O-O-O (21... Qxf3 22. Qxc6+ Qxc6 23. Rxc6 O-O-O 24. Rxf6
Rxd3 25. h5 $18) 22. Qxc6 Qxc6 23. Rxc6 Rxd3 24. Ke2 Rhd8 25. Rc2 $16 {[%csl
Ra7,Rc7][%cal Gh1h4,Gh4h8] With R behind the o^, the endgame is an easy win.
Black's pieces will be tied down for it, while the White K will make merry.}
R3d4 26. h5 R8d7 27. h6 Rh7 28. Rc6 Rd6 29. Rxd6 cxd6 30. f4 $1 {[%csl Rc8,Ge2,
Gh1,Rh7]} Kd7 (30... exf4 31. Kf3 Kd7 32. Kxf4 Ke6 33. b4 $18) 31. fxe5 dxe5
32. f4 $1 Ke6 33. fxe5 fxe5 34. Ke3 Kf7 (34... Kd5 35. b4 Kd6 (35... Kc4 36.
Ke4 Kxb4 37. Kxe5 Ka3 38. Rh2 $18 {[%cal Ge5f6,Gf6g6]}) 36. Ke4 Ke6 37. a4 $18)
35. Ke4 Kg8 36. Kxe5 $18 Rd7 37. Rg1+ Kh8 38. Rg7 Rd2 39. Rb7 a5 40. a4 Kg8 41.
b3 Rh2 42. Rb6 Rd2 43. Rb5 Rd3 44. Ke4 Rh3 45. Kd4 Kh7 46. Kc4 Rh4+ 47. Kc3
Rh3+ 48. Kb2 Kxh6 49. Rxa5 {The battle was won by White in the endgame but the
foundations were laid long before with the provocations in the opening!} 1-0